Dogs and Cats in Literature Quiz Stats

 Plays Quiz Updated Oct 15, 2016

Challenge
Share
Tweet
Embed
Score 0/20 Timer 04:00
3 Plays Today
Character C/D % Correct
Crookshanks???
91%
Toto???
88.9%
Mittens???
88.4%
Buck???
86.4%
Bull's-eye???
85.7%
Bagheera???
84.7%
Cujo???
83.8%
Aslan???
81.1%
Nana???
79.1%
Pilot???
78.6%
Character C/D % Correct
Tao???
74.6%
Buttercup???
73.7%
Ser Pounce???
73.7%
Argos???
72.1%
Richard Parker???
67.8%
Jessie???
65.8%
Tock???
60.5%
Greebo???
58.2%
Moxie???
58.1%
Laska???
57.8%

You're not logged in!

Compare scores with friends on all Sporcle quizzes.
Join for Free
OR
Log In

You Might Also Like...

Show Comments

Extras

Top Quizzes Today


Score Distribution

Your Account Isn't Verified!

In order to create a playlist on Sporcle, you need to verify the email address you used during registration. Go to your Sporcle Settings to finish the process.

Report this User

Report this user for behavior that violates our Community Guidelines.

Details: